000 00556nam a2200181 a 4500
001 1760698995096
003 ACL
005 20251017163642.0
008 251017s2005##################000#0#eng##
020 _a9780071451512
082 0 4 _a658.452
_bBAT
100 1 _aBates, Suzanne,
_eauthor.
245 1 0 _aSpeak Like a CEO: Secrets for Commanding Attention and Getting Results : Secrets for Communicating Attention and Getting Results :
260 _bMcgraw-hill,
_c2005.
650 0 _aBusiness & Economics.
942 _cENGLISH
040 _aACL
_beng
_cACL
999 _c592142
_d592142